Welcome to WEB OPAC of MRSPTU Central Library

Managerial economics concepts and cases (Record no. 5430)

MARC details
000 -LEADER
fixed length control field 00473nam a2200181Ia 4500
008 - FIXED-LENGTH DATA ELEMENTS--GENERAL INFORMATION
fixed length control field 230711s9999||||xx |||||||||||||| ||und||
020 ## - INTERNATIONAL STANDARD BOOK NUMBER
International Standard Book Number 978-0-07-014680-8
041 ## - LANGUAGE CODE
Language code of text/sound track or separate title ENG
082 ## - DEWEY DECIMAL CLASSIFICATION NUMBER
Classification number 658.1511
Item number MO-M
100 ## - MAIN ENTRY--PERSONAL NAME
Personal name Mote,V.L
245 #0 - TITLE STATEMENT
Title Managerial economics concepts and cases
250 ## - EDITION STATEMENT
Edition statement 1st Ed.
260 ## - PUBLICATION, DISTRIBUTION, ETC.
Date of publication, distribution, etc. 2011
Place of publication, distribution, etc. New Delhi
Name of publisher, distributor, etc. Tata McGraw Hill Education Limited
300 ## - PHYSICAL DESCRIPTION
Extent 354
650 ## - SUBJECT ADDED ENTRY--TOPICAL TERM
Topical term or geographic name entry element UNIVESITY BUSNIESS SCHOOL
700 ## - ADDED ENTRY--PERSONAL NAME
Personal name Paul,Samuel
942 ## - ADDED ENTRY ELEMENTS (KOHA)
Koha item type Book
Holdings
Withdrawn status Lost status Damaged status Not for loan Collection Home library Current library Date acquired Total checkouts Full call number Barcode Date last seen Price effective from Koha item type Date last checked out
          MRSPTU Central Library MRSPTU Central Library     658.1511 MO-M 20506 08/17/2023 08/17/2023 Book  
          MRSPTU Central Library MRSPTU Central Library     658.1511 MO-M 20507 08/17/2023 08/17/2023 Book  
          MRSPTU Central Library MRSPTU Central Library     658.1511 MO-M 20508 08/17/2023 08/17/2023 Book  
          MRSPTU Central Library MRSPTU Central Library     658.1511 MO-M 20509 08/17/2023 08/17/2023 Book  
          MRSPTU Central Library MRSPTU Central Library     658.1511 MO-M 20510 08/17/2023 08/17/2023 Book  
          MRSPTU Central Library MRSPTU Central Library     658.1511 MO-M 20511 08/17/2023 08/17/2023 Book  
          MRSPTU Central Library MRSPTU Central Library   1 658.1511 MO-M 20512 02/01/2024 08/17/2023 Book 12/19/2023
          MRSPTU Central Library MRSPTU Central Library     658.1511 MO-M 20513 08/17/2023 08/17/2023 Book  
          MRSPTU Central Library MRSPTU Central Library     658.1511 MO-M 20514 08/17/2023 08/17/2023 Book  
          MRSPTU Central Library MRSPTU Central Library     658.1511 MO-M 20515 08/17/2023 08/17/2023 Book  

Website Designed and Developed by MRSPTU Central Library Team

E-mail Id: librarian@mrsptu.ac.in